000 00810nam a2200253Ia 4500
003 OSt
005 20220924113145.0
006 a|||||r|||| 00| 0
007 ta
008 220923b |||||||| |||| 00| 0 eng d
024 _a136891
037 _cDictionary
040 _aARTS
_cARTS
_beng
041 _2eng
_aeng
082 _aXw1,N00, M3(RR)-;1(RR)
100 _aBlaug Mark ed
_9122567
245 0 _aWho's who in economics
_b a bibliographical dictionary of major economists 1700-1981 edited by Mark Blaug and Paul Sturges
260 _aSussex
_bWheatsheaf Book
_c1983
300 _axiv,435p.
_ccm.
650 _aECONOMICS
700 _a Sturges Paul ed
_9169594
942 _hXw1,N00, M3(RR)-;1(RR)
_cdic
_2cc
999 _c389391
_d389391